000 00716nam a2200289Ia 4500
005 20260324123741.0
008 008 260324s9999 xx 000 0 eng d
020 _a9780429086533
037 _aEBOOK
040 _aCRL
040 _beng
040 _cCRL
041 _2eng
041 _aeng
084 _qCRL
100 _aKristof Beiglböck
_91154260
245 0 _aProgramming GPS and OpenStreetMap Applications with Java
245 4 _bThe RealObject Application Framework
260 _bTaylor and Francis
260 _c2011
365 _a
365 _b400
856 _uhttp://www.taylorfrancis.com/books/9780429086533
942 _cEBOOK
999 _c1765291
_d1765291